Statistics for 20 Chinese Verbs to English #2

Click here to take the quiz!

General Stats

  • This quiz has been taken 18 times
  • The average score is 10 of 20

Answer Stats

汉字Answer% Correct
喜欢Xǐhuān - Like
100%
出生Chūshēng - Born
86%
学习Xuéxí - Learn
71%
Děng - Wait
57%
工作Gōngzuò - Work
57%
Kū - Cry
57%
Shuì - Sleep
57%
Wèn - Ask
57%
做饭Zuò fàn - Cook
57%
帮助Bāngzhù - Help
43%
Dú - Read
43%
Hē - Drink
43%
Mǎi - Buy
43%
相信Xiāngxìn - Believe
43%
翻译Fānyì - Translate
29%
浪费Làngfèi - Waste
29%
旅行Lǚxíng - Travel
29%
Néng - Able
29%
同意Tóngyì - Agree
29%
接受Jiēshòu - Accept
14%

Score Distribution

Percentile by Number Answered

Percent of People with Each Score

Your Score History

You have not taken this quiz